|
|
|
|
| LEADER |
00000naa a2200000uu 4500 |
| 001 |
vtls010947804 |
| 003 |
SK-MaSNL |
| 005 |
20260302125139.0 |
| 008 |
210909|2001 xo |||||||||||||||||slo| |
| 015 |
|
|
|a SNBRA
|
| 035 |
|
|
|a (urnnbn)urn:nbn:sk:snk:ar-a0bh5j
|
| 035 |
|
|
|a (uuid)9ca0e334-5fea-43ef-8dff-71d79b93e143
|
| 035 |
|
|
|a urn:nbn:sk:snk-aau99c
|
| 040 |
|
|
|a SNKBUCL
|b slo
|c SNKBUCL
|e AACR2
|
| 041 |
0 |
|
|a slo
|
| 044 |
|
|
|a xo
|c SK
|
| 100 |
1 |
|
|a Mikolaj, Ján,
|d 1953-
|4 aut
|9 88543
|
| 245 |
1 |
0 |
|a NÁRODNÉ POVEDOMIE VYSOKOŠKOLSKEJ MLÁDEŽE
|c Ján Mikolaj
|
| 773 |
0 |
|
|t Historické a národné vedomie inteligencie Slovenska
|d Martin : Matica slovenská], 2001
|g S. 86-90
|z 8070906162
|
| 958 |
|
|
|a OND
|
| 958 |
|
|
|a article11
|
| 958 |
|
|
|a chapter
|
| 999 |
|
|
|c 1292021
|d 1293951
|